书目信息 |
| 题名: |
教育见习和实习的理论与方法
|
|
| 作者: | 叶逢福 编著 | |
| 分册: | ||
| 出版信息: | 上海 华东师范大学出版社 2016 |
|
| 页数: | 214页 | |
| 开本: | 26cm | |
| 丛书名: | ||
| 单 册: | ||
| 中图分类: | G424.4 | |
| 科图分类: | ||
| 主题词: | 教育见习 , 教育实习 | |
| 电子资源: | ||
| ISBN: | 978-7-5675-5370-5 | |
| 000 | 00879nam0 2200241 450 | |
| 001 | 0100084406 | |
| 005 | 20250616160043.2 | |
| 010 | @a978-7-5675-5370-5@dCNY32.00 | |
| 100 | @a20161111d2016 em y0chiy50 ea | |
| 101 | 0 | @achi |
| 102 | @aCN@b310000 | |
| 105 | @ay z 000yy | |
| 106 | @ar | |
| 200 | 1 | @a教育见习和实习的理论与方法@9jiao yu jian xi he shi xi de li lun yu fang fa@b专著@f叶逢福编著 |
| 210 | @a上海@c华东师范大学出版社@d2016 | |
| 215 | @a214页@d26cm | |
| 330 | @a本书共9章,包括教育见习、教育实习的基本理论、教育实习的准备、课堂教学工作实习、学校综合实践活动和校本课程教学实习、班主任工作实习、教育科研实习、教育实习考核与评价、教育实习总结。 | |
| 606 | 0 | @a教育见习 |
| 606 | 0 | @a教育实习 |
| 690 | @aG424.4@v5 | |
| 701 | 0 | @a叶逢福@9ye feng fu@f(1964~)@4编著 |
| 801 | @aCN@b人天书店@c20250616 | |
| 905 | @b1624637-9@b216246382@b216246391@dG424.4@e638@f3 | |
| 教育见习和实习的理论与方法/叶逢福编著.-上海:华东师范大学出版社,2016 |
| 214页;26cm |
| ISBN 978-7-5675-5370-5:CNY32.00 |
| 本书共9章,包括教育见习、教育实习的基本理论、教育实习的准备、课堂教学工作实习、学校综合实践活动和校本课程教学实习、班主任工作实习、教育科研实习、教育实习考核与评价、教育实习总结。 |
| ● |
| 相关链接 |
|
|
|
|
正题名:教育见习和实习的理论与方法
索取号:G424.4/638
 
预约/预借
| 序号 | 登录号 | 条形码 | 馆藏地/架位号 | 状态 | 备注 |
| 1 | 1624637 | 216246373 | 第一样本阅览室/ [索取号:G424.4/638] | 在馆 | |
| 2 | 1624638 | 216246382 | 第四借阅区/ [索取号:G424.4/638] | 在馆 | |
| 3 | 1624639 | 216246391 | 第四借阅区/ [索取号:G424.4/638] | 在馆 |